| 000 | 02172cam a22003497i 4500 | ||
|---|---|---|---|
| 001 | 21085242 | ||
| 005 | 20251001162528.0 | ||
| 008 | 190716s2019 enka b 001 0 eng d | ||
| 010 | _a 2019300133 | ||
| 015 |
_aGBB942898 _2bnb |
||
| 016 | 7 |
_a019282397 _2Uk |
|
| 020 | _a9781785924798 | ||
| 035 | _a(OCoLC)on1057374737 | ||
| 040 |
_aYDX _beng _cYDX _erda _dOCLCQ _dUKMGB _dOCLCO _dOCLCF _dLSD _dSVP _dYDXIT _dOCL _dDLC |
||
| 041 | _aeng | ||
| 042 | _alccopycat | ||
| 050 | 0 | 0 |
_aHQ1075 _b.B37 2019 |
| 100 |
_aBarker, Meg-John, _d1974- _eauthor. |
||
| 245 | 1 | 0 |
_aLife isn't binary _b: on being both, beyond, and in-between _c/ Meg-John Barker and Alex Iantaffi ; foreword by CN Lester. |
| 246 | 3 | _aLife is not binary | |
| 264 | 1 |
_aLondon ; _aPhiladelphia : _bJessica Kingsley Publishers, _c2019. |
|
| 300 |
_a237 pages : _billustrations ; _c22 cm |
||
| 504 | _aIncludes bibliographical references and index. | ||
| 505 | _aSexualities — Genders — Relationships — Bodies — Emotions — Thinking. | ||
| 520 | _aMuch of society's thinking operates in a highly rigid and binary manner; something is good or bad, right or wrong, a success or a failure, and so on. Challenging this limited way of thinking, this ground-breaking book looks at how non-binary methods of thought can be applied to all aspects of life, and offer new and greater ways of understanding ourselves and how we relate to others. Using bisexual and non-binary gender experiences as a starting point, this book addresses the key issues with binary thinking regarding our relationships, bodies, emotions, wellbeing and our sense of identity and sets out a range of practices which may help us to think in more non-binary, both/and, or uncertain ways. A truly original and insightful piece, this guide encourages reflection on how we view and understand the world we live in and how we all bend, blur or break society's binary codes. | ||
| 650 | 0 |
_aGender identity _924070 |
|
| 650 | 0 |
_aGender expression _913047 |
|
| 650 | 0 |
_aGender nonconformity. _924374 |
|
| 700 |
_aIantaffi, Alex, _eauthor. _924907 |
||
| 942 | _2lcc | ||
| 999 |
_c4537 _d4537 |
||